Questions-réponses sur Collioure - Statistiques

Statistiques générales
  • Ce quiz a été pris 13 fois
  • Le résultat moyen est 9 sur 16
Statistiques - réponses
Questions Réponses % Correct
Mer qui borde Collioure. La Mer Méditerranée
100%
Région administrative dans laquelle se situe Collioure. L'Occitanie
100%
Pays dont la frontière française n'est distante de Collioure que de vingt kilomètres au bas mot. Ce pays a eu la souveraineté sur la ville de 1469 à 1659, à l'exception de quelques périodes françaises sous Louis XI et Louis XIII. L'Espagne
91%
Ancienne province du royaume de France dans laquelle se situe Collioure. L'ancienne région administrative (jusqu'en 2016) porte la trace de son nom. Le Roussillon
82%
Nuance de la couleur rouge qui donne son nom au littoral entre Collioure et Cerbère : La "Côte _______". Vermeille
82%
Empereur qui fit construire le Fort Saint-Elme, aujourd'hui sur la commune de Collioure entre 1538 et 1552. Charles Quint
73%
Petit poisson de haute mer qui est le symbole de la ville. Il a obtenu le 24 juin 2004 le label européen d'IGP (Indication géographique protégée). Le seule appellation d'origine française attribuée à un poisson. L'anchois
73%
Animateur de télévision qui présente l'émission "Le Village préféré des Français". Collioure a été élu lors de son émission du 11 juillet 2024. Stéphane Bern
55%
Saint des XIV et XVe siècle, né à Valence et décédé à Vannes. Il est resté célèbre pour ses nombreuses conversions de Juifs et de Maures. Ses reliques sont arrivées à Collioure depuis Rome, le 16 août 1761. Depuis lors, ce saint y est fêté du 15 au 18 août, avec en point d'orgue la procession sur mer du 16. Saint Vincent Ferrier
45%
Nom donné aux habitants de Collioure. Les Colliourencs / Colliourencques.
36%
Île dont les rois ont occupé la ville de 1276 à 1343. Majorque
36%
Établissement dans lequel une ou plusieurs personnes vivent religieusement dans l'isolement du monde. Celui de Notre-Dame-de-Consolation se trouve à trois kilomètres du centre de Collioure. Un ermitage
36%
Film de Georges Lautner (1966) dialogué par Michel Audiard dans lequel le personnage de Lino Ventura tient un commerce de bateaux à Collioure bien qu'aucune scène n'y ait été tournée et que l'essentiel de l'histoire ne s'y déroule pas. Ne nous fâchons pas
27%
Jour durant lequel on commémore la crucifixion et la mort du Christ par la Procession de la Sanch, dans la ville de Collioure et dans certaines villes alentour : le _______ ____. Vendredi saint
27%
Mouvement royaliste qui tint la dragée haute aux troupes républicaines du Général Dugommier, lorsque ce dernier reprit la ville en 1794. "La L____ de la Reine". La Légion de la Reine
18%
Recette de cuisine de tradition locale à base de fruits de mer. La ______ de Collioure : Ingrédients :
. 1,5 kg de petits poulpes, crabes, langoustines
. 1 kg de poissons de roche : rougets, rascasse, girelle, murène...
. 2 tomates mûres, pelées et concassées
. 6 gousses d'ail pilées
. De l'huile d'olive
. De la farine
La pinyata de Collioure
9%
Aucun quiz correspondant
Distribution des résultats
% des personnes avec chaque résultat
Percentile par nombre de réponses
Votre historique - résultats
Vous n’avez pas pris ce quiz